|
|
|
|
| LEADER |
00000nam0a2200000 4500 |
| 001 |
333107 |
| 005 |
20231102004525.0 |
| 035 |
|
|
|a (RuTPU)RU\TPU\book\359102
|
| 035 |
|
|
|a RU\TPU\book\359100
|
| 090 |
|
|
|a 333107
|
| 100 |
|
|
|a 20170606d1979 k y0rusy50 ca
|
| 101 |
0 |
|
|a rus
|
| 102 |
|
|
|a EE
|
| 105 |
|
|
|a a z 001zy
|
| 200 |
1 |
|
|a Теория и расчет тонкостенных и пространственных конструкций
|e сборник статей
|f Таллинский политехнический институт (ТПИ)
|
| 210 |
|
|
|a Таллин
|c Изд-во ТалПИ
|d 1979
|
| 215 |
|
|
|a 42 с.
|c ил.
|
| 225 |
1 |
|
|a Труды Таллинского политехнического института
|v № 467
|x 0136-3549
|
| 225 |
1 |
|
|a Строительные конструкции
|v Вып. 19
|x 0320-3360
|
| 320 |
|
|
|a Библиогр. в конце статей
|
| 606 |
1 |
|
|a Строительные конструкции
|x Строительная механика
|2 stltpush
|3 (RuTPU)RU\TPU\subj\57340
|9 75202
|
| 610 |
1 |
|
|a гипары
|
| 610 |
1 |
|
|a затяжка
|
| 610 |
1 |
|
|a внутренние силы
|
| 610 |
1 |
|
|a железобетонные гипары
|
| 610 |
1 |
|
|a расчет
|
| 610 |
1 |
|
|a трещинообразование
|
| 610 |
1 |
|
|a квазицилиндрические оболочки
|
| 610 |
1 |
|
|a обощенная расчетная схема
|
| 610 |
1 |
|
|a метод аппроксимации сдвигающих сил
|
| 610 |
1 |
|
|a железобетонные оболочки
|
| 610 |
1 |
|
|a трещины
|
| 610 |
1 |
|
|a образование
|
| 610 |
1 |
|
|a обобщенные схемы
|
| 610 |
1 |
|
|a фундаментальные плиты
|
| 610 |
1 |
|
|a поперечная сила
|
| 675 |
|
|
|a 624.01
|v 4
|
| 712 |
0 |
2 |
|a Таллинский политехнический институт (ТПИ)
|c (1941-1989)
|2 stltpush
|3 (RuTPU)RU\TPU\col\12417
|
| 801 |
|
1 |
|a RU
|b 63413507
|c 20110901
|
| 801 |
|
2 |
|a RU
|b 63413507
|c 20231010
|g RCR
|
| 942 |
|
|
|c BK
|